Race, nation, classe : (Record no. 88337)

MARC details
000 -LEADER
campo de control de longitud fija 01341cam a2200409Mi 4500
001 - NÚMERO DE CONTROL
campo de control 103777
005 - FECHA Y HORA DE LA ÚLTIMA TRANSACCIÓN
campo de control 20230410132823.0
008 - DATOS DE LONGITUD FIJA--INFORMACIÓN GENERAL
campo de control de longitud fija 980716s1997 fr 000 0 fre d
035 ## - NÚMERO DE CONTROL DEL SISTEMA
Número de control de sistema (OCoLC)ocn245685592
040 ## - FUENTE DE CATALOGACIÓN
Centro catalogador/agencia de origen GyGoGBV
Normas de descripción rakwb
Lengua de catalogación ger
Centro/agencia transcriptor GBVCP
Centro/agencia modificador CHVBK
020 ## - NÚMERO INTERNACIONAL ESTÁNDAR DEL LIBRO
Número Internacional Estándar del Libro 2707127906
020 ## - NÚMERO INTERNACIONAL ESTÁNDAR DEL LIBRO
Número Internacional Estándar del Libro 9782707127907
029 1# - OTRO NÚMERO DE CONTROL DE SISTEMA (OCLC)
Identificador de la biblioteca OCLC CHVBK
Número de control de sistema 015027953
029 1# - OTRO NÚMERO DE CONTROL DE SISTEMA (OCLC)
Identificador de la biblioteca OCLC CHVBK
Número de control de sistema 112876420
035 ## - NÚMERO DE CONTROL DEL SISTEMA
Número de control de sistema (OCoLC)245685592
049 ## - FONDOS LOCALES (OCLC)
Biblioteca depositaria GRAL
050 14 - SIGNATURA TOPOGRÁFICA DE LA BIBLIOTECA DEL CONGRESO
Número de clasificación 1erAPT1erB186 e1997
100 1# - ENTRADA PRINCIPAL--NOMBRE DE PERSONA
Nombre de persona Balibar, Étienne,
Fechas asociadas al nombre 1942-.
130 1# - ENTRADA PRINCIPAL--TÍTULO UNIFORME
Título uniforme Collection La Decouverte
100 1# - ENTRADA PRINCIPAL--NOMBRE DE PERSONA
Nombre de persona Wallerstein, Immanuel Maurice,
Fechas asociadas al nombre 1930-
245 10 - MENCIÓN DEL TÍTULO
Título Race, nation, classe :
Resto del título les identités ambigues /
Mención de responsabilidad, etc. Etienne Balibar; Immanuel Wallerstein.
250 ## - MENCION DE EDICION
Mención de edición 2a ed.
260 ## - PUBLICACIÓN, DISTRIBUCIÓN, ETC.
Lugar de publicación, distribución, etc. Paris :
Nombre del editor, distribuidor, etc. Ed. La Découverte & Syros,
Fecha de publicación, distribución, etc. 1997.
300 ## - DESCRIPCIÓN FÍSICA
Extensión ii, 307 p.
490 1# - MENCIÓN DE SERIE
Mención de serie La Decouverte/poche ;
Designación de volumen o secuencia 42
Mención de serie Science humaines et sociales
650 #4 - PUNTO DE ACCESO ADICIONAL DE MATERIA--TÉRMINO DE MATERIA
Término de materia o nombre geográfico como elemento de entrada Klassenkampf
Subdivisión general Nationalismus
-- Rassismus
Subdivisión de forma Aufsatzsammlung.
650 #7 - PUNTO DE ACCESO ADICIONAL DE MATERIA--TÉRMINO DE MATERIA
Término de materia o nombre geográfico como elemento de entrada Rassismus.
Fuente del encabezamiento o término idsbb
650 #7 - PUNTO DE ACCESO ADICIONAL DE MATERIA--TÉRMINO DE MATERIA
Término de materia o nombre geográfico como elemento de entrada Nationalismus.
Fuente del encabezamiento o término idsbb
650 #7 - PUNTO DE ACCESO ADICIONAL DE MATERIA--TÉRMINO DE MATERIA
Término de materia o nombre geográfico como elemento de entrada Rassenbeziehung.
Fuente del encabezamiento o término idsbb
650 #7 - PUNTO DE ACCESO ADICIONAL DE MATERIA--TÉRMINO DE MATERIA
Término de materia o nombre geográfico como elemento de entrada Klasse.
Fuente del encabezamiento o término idsbb
730 0# - ASIENTO SECUNDARIO--TITULO UNIFORME
Título uniforme Collection La Decouverte
830 #3 - PUNTO DE ACCESO ADICIONAL DE SERIE-TÍTULO UNIFORME
Título uniforme La Découverte/poche ;
Designación de volumen o secuencia 42
Título uniforme Science humaines et sociales.
856 4# - LOCALIZACIÓN Y ACCESO ELECTRÓNICOS
Identificador Uniforme de Recursos <a href="http://www.gbv.de/dms/sub-hamburg/246537515.pdf">http://www.gbv.de/dms/sub-hamburg/246537515.pdf</a>
942 ## - ELEMENTOS DE ENTRADA SECUNDARIOS (KOHA)
Fuente del sistema de clasificación o colocación Clasificación de Library of Congress
946 ## - PROCESAMIENTO DE INFORMACIÓN LOCAL (OCLC)
a KK
994 ## -
-- C0
-- DRFGD
Holdings
Estatus retirado Estado de pérdida Fuente del sistema de clasificación o colocación Estado de daño No para préstamo Colección Biblioteca de origen Biblioteca actual Ubicación en estantería Fecha de adquisición Signatura topográfica completa Código de barras Visto por última vez Copia número Tipo de ítem Koha
    Clasificación de Library of Congress     Automatización y Procesos Técnicos Biblioteca Juan Bosch Biblioteca Juan Bosch Automatización y Procesos Técnicos (1er. Piso) 10/04/2023 B186 e1997 00000081059 17/11/2018 1